Statistics for NBA Players Who Averaged 30 Points Per Game

Click here to take the quiz!

General Stats

  • This quiz has been taken 54,310 times
    (20,104 since last reset)
  • The average score is 19 of 36

Answer Stats

# YearsPlayer% Correct
3LeBron James
96%
8Michael Jordan
95%
1Stephen Curry
91%
3Kobe Bryant
90%
7Wilt Chamberlain
86%
3James Harden
84%
2Joel Embiid
84%
2Kevin Durant
84%
4Jerry West
81%
2Luka Dončić
81%
2
Giannis Antetokounmpo
79%
1Russell Westbrook
76%
3
Kareem Abdul-Jabbar
75%
4Allen Iverson
66%
2Damian Lillard
64%
1Jayson Tatum
62%
1Karl Malone
60%
1Moses Malone
60%
1Dwyane Wade
54%
2
S. Gilgeous-Alexander
52%
6Oscar Robertson
42%
1Tracy McGrady
41%
1Bob Pettit
36%
1Bradley Beal
36%
3Elgin Baylor
36%
2George Gervin
27%
2Dominique Wilkins
26%
3Bob McAdoo
24%
1Pete Maravich
21%
2Rick Barry
21%
1Bernard King
16%
3Adrian Dantley
15%
1Nate Archibald
12%
1World B. Free
7%
1Walt Bellamy
6%
1Jack Twyman
4%

Score Distribution

Percentile by Number Answered

Percent of People with Each Score

Your Score History

You have not taken this quiz since the last reset